Apertura económica: características e implicaciones para el sector agroalimentario en América latina y el Caribe /
Sábháilte in:
| Príomhchruthaitheoir: | |
|---|---|
| Rannpháirtithe: | |
| Formáid: | Téacs |
| Ábhair: | |
| Clibeanna: |
Cuir clib leis
Níl clibeanna ann, Bí ar an gcéad duine le clib a chur leis an taifead seo!
|
MARC
| LEADER | 00000 a a2200000 04500 | ||
|---|---|---|---|
| 001 | 46747 | ||
| 003 | |||
| 040 | |||
| 090 | |a REV1054 (24) 1991 | ||
| 100 | |a Trejos, Rafael A. | ||
| 245 | |a Apertura económica: |b características e implicaciones para el sector agroalimentario en América latina y el Caribe / |c Rafael A.Trejos ; Carlos A.M Santana | ||
| 650 | |a AGRICULTURA | ||
| 650 | |a ALIMENTOS | ||
| 650 | |a LIBERALIZACION DEL INTERCAMBIO | ||
| 650 | |a AJUSTE ESTRUCTURAL | ||
| 650 | |a COMERCIO | ||
| 650 | |a MERCADOS | ||
| 650 | |a GATT | ||
| 650 | |a ZONAS DE LIBRE COMERCIO | ||
| 650 | |a MODERNIZACION | ||
| 650 | |a EXPORTACIONES | ||
| 650 | |a COMERCIALIZACION | ||
| 650 | |a DESCRIPTORES ESTAD.:ARANCELES | ||
| 650 | |a CREDITO | ||
| 650 | |a COMERCIO EXTERIOR | ||
| 650 | |a EXPORTACIONES | ||
| 650 | |a PRECIOS | ||
| 700 | |a Santana, Carlos A.M | ||
| 773 | |g número24 (1991), páginas 5-95 | ||
| 999 | |c 35516 |d 35516 | ||
